000
00284nam a2200133Ia 4500
100
_a
Crouse/William H
942
_c
BK
654
_a
Mechanics
245
_a
Automobile Mechanics
260
_b
Mc Graw Hill
_a
St. Louis
_c
1956
082
_a
629.23
300
_a
616
546
_a
ENGLISH
999
_c
30331
_d
30331